00333nam a2200109Ia 450000500170000000800410001710000190005824501000007726000220017730000110019965000130021020260328101514.0260328s9999||||xx |||||||||||||| ||und|| aElordi, Carlos 0aMetodología de la Planificación :b Aportaciones soviÉticas 1924 - 1930 /cCarlos Elordi bAlberto Corazón a295 p. aTEORÍA